Los espacios de reproducción social de la ciudad en el siglo XXI /

El presente trabajo es una investigación bibliográfica; que tiene por objetivo medular explicar la categoría de espacio como un concepto multidimensional que puede abordarse desde las más diminutas dimensiones, como es el espacio vital, hasta las categorías infinitas, desplegadas en ese espacio dond...

Fuld beskrivelse

Guardado en:
Bibliografiske detaljer
Hovedforfatter: Velarde Páez, Leonor
Format: Texto
Fag:
Tags: Tilføj Tag
Ingen Tags, Vær først til at tagge denne postø!

MARC

LEADER 00000 a a2200000 04500
001 40717
003
040
100 |a Velarde Páez, Leonor  
245 |a Los espacios de reproducción social de la ciudad en el siglo XXI /  |c Leonor Velarde Páez  
500 |a leovpaez@hotmail.com   |a leo.velarde@yahoo.com.mx  
520 |a El presente trabajo es una investigación bibliográfica; que tiene por objetivo medular explicar la categoría de espacio como un concepto multidimensional que puede abordarse desde las más diminutas dimensiones, como es el espacio vital, hasta las categorías infinitas, desplegadas en ese espacio donde coexiste la humanidad con su medio.  
590 |a RRH/SEPTIEMBRE2012  
650 |a ESPACIO  
650 |a FACTOR TIEMPO  
650 |a SOCIEDAD  
650 |a CULTURA  
650 |a CIUDADES  
650 |2 Macrothesaurus de la OCDE/  
773 |g volumen19, número33 (2008), páginas 25-40  
999 |c 22443  |d 22443